000 00806nam a22002297a 4500
005 19970904051429.3
008 970904m19271929ii a 001 0aeng
010 _aENG-95724
020 _a9788179928486
_c395.00
035 _aEN-79257
037 _aDBAD/PUB
040 _aDPL
100 _aMukherjee, S.
240 _aSatyanā prayogo athavā ātmakathā.
_lEnglish
245 _a Project management for software development
_cby Mukherjee S.
260 _aMumbai
_bJaico Publishing House,
_c2008
270 _aA-2, Jash chambers, Fort
_bMumbai
_e400001
300 _aviii, 269p. ;
_c23 cm.(Pbk)
942 _2ddc
_cEN
_mMUK
999 _c33419
_d33419